|
|
|
|
| LEADER |
02771nam a2200649 a 4500 |
| 001 |
nkc20122414457 |
| 003 |
CZ PrNK |
| 005 |
20180721235015.0 |
| 007 |
ta |
| 008 |
121126s2012 xr ac e 000 0 cze |
| 015 |
|
|
|a cnb002414457
|
| 020 |
|
|
|a 978-80-7278-598-8
|q (Ministerstvo obrany ČR - OKP MO ;
|q váz.) :
|c neprodejné
|
| 035 |
|
|
|a (OCoLC)823821124
|
| 040 |
|
|
|a ABA001
|b cze
|d BOA001
|
| 043 |
|
|
|a e-xr---
|a e-uk-en
|
| 045 |
|
|
|a y1y1
|
| 072 |
|
7 |
|a 796
|x Sport. Hry. Tělesná cvičení
|2 Konspekt
|9 20
|
| 080 |
|
|
|a 796.032.2
|2 MRF
|
| 080 |
|
|
|a 796.032.2:796/799
|2 MRF
|
| 080 |
|
|
|a 796.032.2.071.2
|2 MRF
|
| 080 |
|
|
|a 796.032.2.071.2-055.2
|2 MRF
|
| 080 |
|
|
|a (437.3)
|2 MRF
|
| 080 |
|
|
|a (410.1)
|2 MRF
|
| 080 |
|
|
|a (048.8)
|2 MRF
|
| 080 |
|
|
|a (084.12)
|2 MRF
|
| 245 |
0 |
0 |
|a Zlatý lesk z Londýna /
|c [sestavila a kolektiv autorů vedla Ivana Roháčková ; texty Josef Dovalil ... et al.]
|
| 246 |
1 |
|
|i Podnázev v tiráži:
|a publikace Armádního sportovního centra Dukla
|
| 250 |
|
|
|a 1. vyd.
|
| 260 |
|
|
|a Praha :
|b Pro Armádní sportovní centrum Dukla vydalo Ministerstvo obrany České republiky - odbor komunikace a propagace MO (OKP MO),
|c 2012
|
| 300 |
|
|
|a 173 s. :
|b il. (převážně barev.), portréty ;
|c 31 cm
|
| 610 |
1 |
7 |
|a Česko.
|b Armádní sportovní centrum Dukla
|7 xx0016131
|2 czenas
|
| 611 |
2 |
7 |
|a Letní olympijské hry
|n (30. :
|d 2012 :
|c Londýn, Anglie)
|7 xx0149160
|2 czenas
|
| 648 |
|
7 |
|a 2012
|7 ch967315
|2 czenas
|
| 650 |
0 |
7 |
|a olympijské hry
|7 ph115588
|z Anglie
|y 2012
|2 czenas
|
| 650 |
0 |
7 |
|a olympijské sporty
|7 ph123732
|2 czenas
|
| 650 |
0 |
7 |
|a olympionici
|7 ph352447
|z Česko
|2 czenas
|
| 650 |
0 |
7 |
|a olympioničky
|7 ph448238
|z Česko
|2 czenas
|
| 650 |
0 |
9 |
|a Olympic Games
|z England
|y 2012
|2 eczenas
|
| 650 |
0 |
9 |
|a olympic sports
|2 eczenas
|
| 650 |
0 |
9 |
|a Olympic sportsmen
|z Czechia
|2 eczenas
|
| 650 |
0 |
9 |
|a Olympic women sportsmen
|z Czechia
|2 eczenas
|
| 651 |
|
7 |
|a Londýn (Anglie)
|7 ge129867
|2 czenas
|
| 651 |
|
9 |
|a London (England)
|2 eczenas
|
| 655 |
|
7 |
|a přehledy
|7 fd133202
|2 czenas
|
| 655 |
|
7 |
|a fotografické publikace
|7 fd132276
|2 czenas
|
| 655 |
|
9 |
|a surveys
|2 eczenas
|
| 655 |
|
9 |
|a photographical works
|2 eczenas
|
| 700 |
1 |
|
|a Roháčková, Ivana,
|d 1960-
|7 mzk2008479540
|4 com
|4 aut
|
| 700 |
1 |
|
|a Dovalil, Josef,
|d 1944-2024
|7 jk01022917
|4 aut
|
| 710 |
1 |
|
|a Česko.
|b Armádní sportovní centrum Dukla
|7 xx0016131
|
| 856 |
4 |
1 |
|u http://www.digitalniknihovna.cz/mzk/uuid/uuid:1573eb20-6a26-11e8-a583-005056827e51
|y Digitalizovaný dokument
|x NDK
|
| 910 |
2 |
|
|a BOA001
|b 4-1295.387
|
| 928 |
9 |
|
|a Ministerstvo obrany České republiky - odbor komunikace a propagace
|
| 990 |
|
|
|a BK
|
| 995 |
|
|
|a 01
|
| 991 |
|
|
|b 201212
|c NOV
|e n
|
| 996 |
6 |
|
|b 2610529833
|c 4-1295.387
|l MZK
|r Sklad / do 1 hodiny
|n 0
|p p.v.
|w 001301481
|u 000010
|a 1
|e BOA001
|j MZK50
|s P
|